Valtioita satelliittikuvien mukaan #3 - Statistics

Yleistilastot
  • Tätä visaa on pelattu 907 kertaa
  • Keskiarvotulos 10 / 16
Vastaustilastot
Kuvavisa Vastaus % Oikein
Yhdysvallat
98%
Somalia
91%
Uusi-Seelanti
89%
Turkki
87%
Irlanti
86%
Filippiinit
83%
Monaco
76%
Qatar
65%
Haiti
62%
Jamaika
54%
Kroatia
54%
Kazakstan
53%
Kolumbia
38%
Pakistan
35%
Uruguay
25%
Djibouti
20%
Ehtoja vastaavia visoja ei löytynyt
Tulosjakauma
Jokaisen tuloksen saaneiden osuus
Persentiili vastausten määrän mukaan
Tuloshistoriasi
Et ole pelannut tätä visaa